[Event "Young Stars of the World 2011"]
[Site "Kirishi RUS"]
[Date "2011.05.07"]
[Round "1.2"]
[White "Mammadov, Zaur Fazahir Oglu"]
[Black "Stukopin, Andrey"]
[Result "1/2-1/2"]
[WhiteElo "2351"]
[BlackElo "2471"]
[PlyCount "27"]
[EventDate "2011.05.07"]
[EventType "tourn"]
[EventRounds "11"]
[EventCountry "RUS"]
[EventCategory "3"]
[Source "lmi"]
[SourceDate "2011.05.07"]

1. e4 e5 2. Bc4 Nf6 3. Nc3 Nc6 4. a3 Na5 5. d3 Nxc4 6. dxc4 d6 7. Nf3 Be6 8.
Qe2 c6 9. O-O Qc7 10. h3 h6 11. b3 Be7 12. Rd1 O-O 13. Nh2 Rad8 14. Bb2 1/2-1/2

[Event "Young Stars of the World 2011"]
[Site "Kirishi RUS"]
[Date "2011.05.07"]
[Round "1.3"]
[White "Atabayev, Yusup"]
[Black "Bajarani, Ulvi"]
[Result "1/2-1/2"]
[WhiteElo "2319"]
[BlackElo "2437"]
[PlyCount "80"]
[EventDate "2011.05.07"]
[EventType "tourn"]
[EventRounds "11"]
[EventCountry "RUS"]
[EventCategory "3"]
[Source "lmi"]
[SourceDate "2011.05.07"]

1. e4 e6 2. d4 d5 3. Nc3 Nf6 4. e5 Nfd7 5. Nf3 c5 6. dxc5 Nc6 7. Bf4 Bxc5 8.
Bd3 f6 9. exf6 Nxf6 10. O-O O-O 11. Ne5 Ne4 12. Bxe4 Rxf4 13. Nd3 Bxf2+ 14.
Rxf2 Rxf2 15. Nxf2 dxe4 16. Qxd8+ Nxd8 17. Rd1 Nf7 18. Nfxe4 Kf8 19. Nd6 Nxd6
20. Rxd6 Ke7 21. Rd2 Bd7 22. Kf2 Rf8+ 23. Ke3 Rf1 24. Rf2 Rh1 25. g3 Bc6 26. a3
g5 27. Ne2 Rb1 28. b3 h6 29. Nd4 Be8 30. Kd2 Bh5 31. a4 Rd1+ 32. Ke3 a6 33. Nf3
Bg6 34. Nd4 Bh5 35. Nf3 Rd5 36. Nd4 Bg6 37. Rd2 Rd6 38. Rf2 Rd5 39. Rd2 Rd7 40.
Rf2 Rd5 1/2-1/2

[Event "Young Stars of the World 2011"]
[Site "Kirishi RUS"]
[Date "2011.05.07"]
[Round "1.4"]
[White "Eliseev, Urii"]
[Black "Atabayev, Maksat"]
[Result "1/2-1/2"]
[WhiteElo "2433"]
[BlackElo "2355"]
[PlyCount "71"]
[EventDate "2011.05.07"]
[EventType "tourn"]
[EventRounds "11"]
[EventCountry "RUS"]
[EventCategory "3"]
[Source "lmi"]
[SourceDate "2011.05.07"]

1. e4 c5 2. Nf3 d6 3. d4 cxd4 4. Nxd4 Nf6 5. Nc3 a6 6. Be3 e6 7. f3 b5 8. g4
Nfd7 9. Qd2 Nb6 10. a4 Nc4 11. Bxc4 bxc4 12. a5 Qc7 13. Na4 Nd7 14. Qc3 Bb7 15.
Nb6 Nxb6 16. axb6 Qc8 17. b3 d5 18. exd5 cxb3 19. Qxb3 Bxd5 20. c4 Qxc4 21.
Qxc4 Bxc4 22. Nc6 Bd5 23. b7 Bxc6 24. bxa8=Q+ Bxa8 25. Rxa6 Bb4+ 26. Ke2 O-O
27. Rb1 Be7 28. Ra7 Bd6 29. f4 g5 30. fxg5 Bxh2 31. Bd4 Be4 32. Rf1 e5 33. Re7
Rd8 34. Bb6 Bd3+ 35. Ke3 Bf4+ 36. Rxf4 1/2-1/2

[Event "Young Stars of the World 2011"]
[Site "Kirishi RUS"]
[Date "2011.05.07"]
[Round "1.5"]
[White "Alekseenko, Kirill"]
[Black "Grigoryan, Karen H."]
[Result "1-0"]
[WhiteElo "2317"]
[BlackElo "2463"]
[PlyCount "55"]
[EventDate "2011.05.07"]
[EventType "tourn"]
[EventRounds "11"]
[EventCountry "RUS"]
[EventCategory "3"]
[Source "lmi"]
[SourceDate "2011.05.07"]

1. e4 c5 2. Nf3 d6 3. d4 cxd4 4. Nxd4 Nf6 5. Nc3 g6 6. Be3 Bg7 7. Be2 O-O 8.
O-O Nc6 9. Nb3 Be6 10. f4 Qc8 11. h3 Rd8 12. Qd2 a5 13. Rad1 Nb4 14. a3 Na6 15.
f5 Bxb3 16. cxb3 Nc5 17. fxg6 hxg6 18. e5 Nxb3 19. Qc2 Qe6 20. Bb6 Ne8 21. Bxd8
Rxd8 22. Nd5 a4 23. Bc4 Qxe5 24. Rde1 Qd4+ 25. Kh1 Nf6 26. Nxe7+ Kf8 27. Bxf7
Nd2 28. Qc7 1-0

[Event "Young Stars of the World 2011"]
[Site "Kirishi RUS"]
[Date "2011.05.07"]
[Round "1.6"]
[White "Styazhkina, Anna"]
[Black "Goganov, Aleksey"]
[Result "0-1"]
[WhiteElo "2026"]
[BlackElo "2480"]
[PlyCount "82"]
[EventDate "2011.05.07"]
[EventType "tourn"]
[EventRounds "11"]
[EventCountry "RUS"]
[EventCategory "3"]
[Source "lmi"]
[SourceDate "2011.05.07"]

1. e4 e5 2. Nf3 Nc6 3. Bb5 a6 4. Ba4 Nf6 5. d3 d6 6. c3 g6 7. O-O Bd7 8. Nbd2
Bg7 9. Re1 O-O 10. Nf1 Qe8 11. Ng3 Nd4 12. cxd4 Bxa4 13. b3 Bb5 14. a4 Bd7 15.
dxe5 dxe5 16. Ba3 Bg4 17. Bxf8 Qxf8 18. h3 Bxf3 19. Qxf3 Nd7 20. Rac1 Nc5 21.
Ne2 Ne6 22. Red1 Qb4 23. d4 exd4 24. Nf4 Nxf4 25. Qxf4 c6 26. e5 Rd8 27. Rc4
Qxb3 28. Rdxd4 Qb1+ 29. Kh2 Re8 30. Rc1 Qb2 31. Re1 Bh6 32. Qh4 Bg5 33. Qg4 h5
34. Qe4 Qxf2 35. h4 Bf4+ 36. Qxf4 Qxe1 37. Re4 Qb1 38. Qe3 Qa2 39. Rd4 Qe6 40.
Re4 Qd5 41. Qf4 b5 0-1

[Event "Young Stars of the World 2011"]
[Site "Kirishi RUS"]
[Date "2011.05.08"]
[Round "2.1"]
[White "Smirnov, Vladislav"]
[Black "Goganov, Aleksey"]
[Result "0-1"]
[WhiteElo "1957"]
[BlackElo "2480"]
[PlyCount "64"]
[EventDate "2011.05.07"]
[EventType "tourn"]
[EventRounds "11"]
[EventCountry "RUS"]
[EventCategory "3"]
[Source "lmi"]
[SourceDate "2011.05.07"]

1. e4 e5 2. Nf3 Nc6 3. d4 exd4 4. Nxd4 Nf6 5. Nxc6 bxc6 6. e5 Qe7 7. Qe2 Nd5 8.
c4 Ba6 9. b3 O-O-O 10. Bb2 f6 11. Qe4 Nb6 12. f4 fxe5 13. fxe5 d5 14. cxd5 Qb4+
15. Qxb4 Bxb4+ 16. Bc3 Bxf1 17. Bxb4 Nxd5 18. Bc5 Bxg2 19. Rg1 Rhe8 20. Rxg2
Nf4 21. Rxg7 Rxe5+ 22. Kf2 Rxc5 23. Na3 Rh5 24. Nc4 Rxh2+ 25. Kg1 Re2 26. Rf1
Nh3+ 27. Kh1 Nf2+ 28. Kg1 Rf8 29. Ne3 Rxa2 30. Rxh7 Rg8+ 31. Ng2 Ne4 32. Rff7
Rgxg2+ 0-1

[Event "Young Stars of the World 2011"]
[Site "Kirishi RUS"]
[Date "2011.05.08"]
[Round "2.2"]
[White "Grigoryan, Karen H."]
[Black "Styazhkina, Anna"]
[Result "1-0"]
[WhiteElo "2463"]
[BlackElo "2026"]
[PlyCount "65"]
[EventDate "2011.05.07"]
[EventType "tourn"]
[EventRounds "11"]
[EventCountry "RUS"]
[EventCategory "3"]
[Source "lmi"]
[SourceDate "2011.05.07"]

1. d4 Nf6 2. c4 g6 3. Nc3 Bg7 4. e4 d6 5. f3 O-O 6. Nge2 c5 7. d5 Nbd7 8. Ng3
h5 9. Be2 a6 10. a4 Ne8 11. Be3 Ne5 12. O-O Nc7 13. h3 e6 14. f4 exd5 15. cxd5
Nd7 16. Bd3 Rb8 17. a5 b5 18. axb6 Rxb6 19. Qe2 Rb8 20. Rf2 Nb5 21. Nxb5 axb5
22. Re1 Qa5 23. e5 dxe5 24. f5 c4 25. Bb1 Qa6 26. Ref1 Bb7 27. Nxh5 Bxd5 28.
Nxg7 Kxg7 29. Qg4 Nf6 30. Qg5 Be4 31. Qh6+ Kg8 32. fxg6 fxg6 33. Bxe4 1-0

[Event "Young Stars of the World 2011"]
[Site "Kirishi RUS"]
[Date "2011.05.08"]
[Round "2.3"]
[White "Atabayev, Maksat"]
[Black "Alekseenko, Kirill"]
[Result "0-1"]
[WhiteElo "2355"]
[BlackElo "2317"]
[PlyCount "124"]
[EventDate "2011.05.07"]
[EventType "tourn"]
[EventRounds "11"]
[EventCountry "RUS"]
[EventCategory "3"]
[Source "lmi"]
[SourceDate "2011.05.07"]

1. e4 Nc6 2. Nf3 d6 3. d4 Nf6 4. Nc3 Bg4 5. Be3 e6 6. Be2 Be7 7. d5 exd5 8.
exd5 Bxf3 9. Bxf3 Ne5 10. Be2 O-O 11. O-O Nfd7 12. f4 Ng6 13. Ne4 Re8 14. Qd2
Bf6 15. Nxf6+ Nxf6 16. Bb5 Re7 17. f5 Ne5 18. Bg5 a6 19. Bxf6 gxf6 20. Be2 Qf8
21. a4 Rae8 22. a5 Nd7 23. Bf3 Re5 24. Qc3 Rc8 25. Qb4 Nc5 26. Qf4 Rce8 27. b4
Ne4 28. Rae1 Ng5 29. Rxe5 Rxe5 30. c4 Qe7 31. h4 Nxf3+ 32. Rxf3 Re1+ 33. Kf2
Qe2+ 34. Kg3 Rg1 35. Rf2 Qe1 36. c5 Rf1 37. Qd2 Qe5+ 38. Qf4 Qxf4+ 39. Rxf4 Rd1
40. cxd6 cxd6 41. Kg4 Rxd5 42. Kh5 Re5 43. Rg4+ Kf8 44. Kh6 d5 45. Kxh7 Rxf5
46. Rg8+ Ke7 47. Rb8 d4 48. Rxb7+ Kd8 49. Rb8+ Kc7 50. Re8 Re5 51. Rf8 d3 52.
Rxf7+ Kc8 53. Rxf6 d2 54. Rd6 Re7+ 55. Kg6 Rd7 56. Rxd2 Rxd2 57. g4 Rd6+ 58.
Kg5 Kd8 59. h5 Ke7 60. h6 Kf7 61. Kh5 Rd1 62. Kg5 Rd5+ 0-1

[Event "Young Stars of the World 2011"]
[Site "Kirishi RUS"]
[Date "2011.05.08"]
[Round "2.4"]
[White "Bajarani, Ulvi"]
[Black "Eliseev, Urii"]
[Result "1-0"]
[WhiteElo "2437"]
[BlackElo "2433"]
[PlyCount "77"]
[EventDate "2011.05.07"]
[EventType "tourn"]
[EventRounds "11"]
[EventCountry "RUS"]
[EventCategory "3"]
[Source "lmi"]
[SourceDate "2011.05.07"]

1. d4 c5 2. d5 d6 3. c4 g6 4. Nf3 Bg7 5. g3 e5 6. Nc3 Nh6 7. Bg2 O-O 8. O-O Nd7
9. e4 f6 10. Qc2 Qe7 11. Rb1 Nf7 12. a3 Bh6 13. Bxh6 Nxh6 14. b4 f5 15. Nb5 f4
16. Nc7 Rb8 17. Ne6 Rf6 18. gxf4 exf4 19. bxc5 Rxe6 20. dxe6 Nxc5 21. Qd2 Nxe6
22. e5 Nf5 23. exd6 Qxd6 24. Qxd6 Nxd6 25. Ne5 b6 26. Bd5 Kg7 27. Rbd1 Nf5 28.
Rfe1 Nc5 29. Nd3 Nxd3 30. Rxd3 Ba6 31. Re4 b5 32. Rb3 Rd8 33. cxb5 Bc8 34. Rd3
Bb7 35. Re5 f3 36. h4 Rd6 37. Bc4 Rb6 38. Rd7+ Kh6 39. Re6 1-0

[Event "Young Stars of the World 2011"]
[Site "Kirishi RUS"]
[Date "2011.05.08"]
[Round "2.5"]
[White "Stukopin, Andrey"]
[Black "Atabayev, Yusup"]
[Result "1-0"]
[WhiteElo "2471"]
[BlackElo "2319"]
[PlyCount "97"]
[EventDate "2011.05.07"]
[EventType "tourn"]
[EventRounds "11"]
[EventCountry "RUS"]
[EventCategory "3"]
[Source "lmi"]
[SourceDate "2011.05.07"]

1. Nf3 Nf6 2. g3 g6 3. Bg2 Bg7 4. O-O O-O 5. d3 d5 6. Nbd2 Nc6 7. e4 e5 8. c3
dxe4 9. dxe4 a5 10. Qc2 Be6 11. Ng5 Bd7 12. a4 h6 13. Ngf3 Qc8 14. Nc4 Re8 15.
b3 Bh3 16. Nh4 Be6 17. Ne3 Ne7 18. Ba3 Ng4 19. Nc4 h5 20. Rfd1 Nh6 21. Rd2 g5
22. Nf3 f6 23. Bxe7 Rxe7 24. Ne3 Rd7 25. Rad1 Rxd2 26. Nxd2 Bf8 27. Bf3 Bf7 28.
Ndc4 Kg7 29. Nd5 Bg6 30. Nce3 Ra6 31. Be2 Rd6 32. Nc4 Rd8 33. Nxa5 Ng4 34. b4
c5 35. b5 c4 36. Nxc4 Bc5 37. Nde3 Nxe3 38. Nxe3 Bxe3 39. fxe3 Rxd1+ 40. Bxd1
h4 41. g4 b6 42. Kf2 Qc5 43. h3 Bf7 44. Qb2 Qc4 45. a5 Qxe4 46. Bf3 Qd3 47.
axb6 Bc4 48. Be2 Qe4 49. Qb4 1-0

[Event "Young Stars of the World 2011"]
[Site "Kirishi RUS"]
[Date "2011.05.09"]
[Round "3.1"]
[White "Mammadov, Zaur Fazahir Oglu"]
[Black "Smirnov, Vladislav"]
[Result "1-0"]
[WhiteElo "2351"]
[BlackElo "1957"]
[PlyCount "51"]
[EventDate "2011.05.07"]
[EventType "tourn"]
[EventRounds "11"]
[EventCountry "RUS"]
[EventCategory "3"]
[Source "lmi"]
[SourceDate "2011.05.07"]

1. e4 e5 2. Nf3 Nf6 3. Nxe5 d6 4. Nf3 Nxe4 5. Bd3 Nf6 6. O-O Be7 7. h3 O-O 8.
c3 Be6 9. Bc2 h6 10. d4 d5 11. Re1 c6 12. Bf4 Nbd7 13. Nbd2 Rc8 14. Nf1 Nb6 15.
Ne5 Nc4 16. Ng3 Nd6 17. Qe2 Re8 18. Ng6 Bf8 19. Nxf8 Kxf8 20. Qf3 Qd7 21. Bxh6
Nde4 22. Bf4 Nxg3 23. Bxg3 c5 24. Be5 Ng8 25. dxc5 Rxc5 26. Qg3 1-0

[Event "Young Stars of the World 2011"]
[Site "Kirishi RUS"]
[Date "2011.05.09"]
[Round "3.2"]
[White "Atabayev, Yusup"]
[Black "Usmanov, Vasily"]
[Result "1-0"]
[WhiteElo "2319"]
[BlackElo "2289"]
[PlyCount "91"]
[EventDate "2011.05.07"]
[EventType "tourn"]
[EventRounds "11"]
[EventCountry "RUS"]
[EventCategory "3"]
[Source "lmi"]
[SourceDate "2011.05.07"]

1. e4 e6 2. d4 d5 3. Nc3 Bb4 4. a3 Bxc3+ 5. bxc3 Ne7 6. e5 b6 7. Qg4 Ng6 8. Bg5
Qd7 9. h4 h5 10. Qf3 Ba6 11. Bxa6 Nxa6 12. Ne2 Ne7 13. Ng3 g6 14. Bf6 Rg8 15.
a4 Nb8 16. a5 Nbc6 17. axb6 cxb6 18. O-O Na5 19. Rfb1 Nc4 20. Qd3 O-O-O 21. Ne4
Kb8 22. Nc5 Qe8 23. Na6+ Kb7 24. Nc7 Qd7 25. Nb5 a5 26. Na3 Rc8 27. Bxe7 Qxe7
28. Nxc4 Rxc4 29. Rxa5 Rgc8 30. Rab5 R8c6 31. g3 Qc7 32. Ra5 Kb8 33. Ra3 Qe7
34. Rba1 Rc7 35. Ra8+ Kb7 36. R1a7+ Kc6 37. Rc8 Kd7 38. Rcxc7+ Rxc7 39. Qb5+
Kc8 40. Ra8+ Kb7 41. Qa6+ Kc6 42. Rb8 Rb7 43. Rc8+ Rc7 44. Qa4+ b5 45. Qa6+ Kd7
46. Rb8 1-0

[Event "Young Stars of the World 2011"]
[Site "Kirishi RUS"]
[Date "2011.05.09"]
[Round "3.3"]
[White "Eliseev, Urii"]
[Black "Stukopin, Andrey"]
[Result "1/2-1/2"]
[WhiteElo "2433"]
[BlackElo "2471"]
[PlyCount "34"]
[EventDate "2011.05.07"]
[EventType "tourn"]
[EventRounds "11"]
[EventCountry "RUS"]
[EventCategory "3"]
[Source "lmi"]
[SourceDate "2011.05.07"]

1. e4 e5 2. Nf3 Nc6 3. Bc4 Nf6 4. d3 Be7 5. O-O O-O 6. Nc3 d6 7. a4 Bg4 8. h3
Bh5 9. Ne2 Bxf3 10. gxf3 Nh5 11. f4 Kh8 12. f5 Bg5 13. f4 exf4 14. Nxf4 Nxf4
15. Bxf4 Ne5 16. Bh2 Nxc4 17. dxc4 Qe7 1/2-1/2

[Event "Young Stars of the World 2011"]
[Site "Kirishi RUS"]
[Date "2011.05.09"]
[Round "3.4"]
[White "Alekseenko, Kirill"]
[Black "Bajarani, Ulvi"]
[Result "1/2-1/2"]
[WhiteElo "2317"]
[BlackElo "2437"]
[PlyCount "114"]
[EventDate "2011.05.07"]
[EventType "tourn"]
[EventRounds "11"]
[EventCountry "RUS"]
[EventCategory "3"]
[Source "lmi"]
[SourceDate "2011.05.07"]

1. e4 c5 2. Nf3 d6 3. d4 cxd4 4. Nxd4 Nf6 5. Nc3 a6 6. Be2 e5 7. Nb3 Be7 8. O-O
O-O 9. Kh1 b6 10. Be3 Nbd7 11. a4 Qc7 12. f3 Bb7 13. Rf2 Rac8 14. Bf1 Rfd8 15.
Rd2 Qb8 16. Be2 Rc6 17. Qf1 Qa8 18. Rad1 Rdc8 19. Nc1 Rxc3 20. bxc3 Rxc3 21.
Bf2 Ra3 22. Bc4 Rxa4 23. Bb3 Ra5 24. Qc4 d5 25. exd5 Bd6 26. Qe2 Qb8 27. Bg1
Nc5 28. c4 Ra3 29. Bc2 Qc7 30. Nd3 Ncd7 31. Nf2 Rc3 32. Bd3 Nc5 33. Ne4 Nfxe4
34. fxe4 Nxd3 35. Rxd3 Rxc4 36. Rh3 b5 37. Qh5 h6 38. Rg3 Rxe4 39. Qxh6 Bf8 40.
d6 Qd7 41. Qh5 g6 42. Qh3 Bc6 43. Qxd7 Bxd7 44. Ra3 Ra4 45. Rxa4 bxa4 46. Bc5
f6 47. Rb1 Kf7 48. Rb8 Bh6 49. Ra8 e4 50. Kg1 Bd2 51. Rh8 e3 52. Rh7+ Ke6 53.
Re7+ Kd5 54. Bxe3 Bxe3+ 55. Rxe3 Kxd6 56. Kf2 g5 57. Rd3+ Ke6 1/2-1/2

[Event "Young Stars of the World 2011"]
[Site "Kirishi RUS"]
[Date "2011.05.09"]
[Round "3.5"]
[White "Styazhkina, Anna"]
[Black "Atabayev, Maksat"]
[Result "1/2-1/2"]
[WhiteElo "2026"]
[BlackElo "2355"]
[PlyCount "52"]
[EventDate "2011.05.07"]
[EventType "tourn"]
[EventRounds "11"]
[EventCountry "RUS"]
[EventCategory "3"]
[Source "lmi"]
[SourceDate "2011.05.07"]

1. e4 c5 2. d3 Nc6 3. g3 g6 4. Bg2 Bg7 5. f4 e6 6. Nf3 Nge7 7. O-O O-O 8. c3 d6
9. h3 Rb8 10. g4 b5 11. a3 a5 12. Qe1 b4 13. axb4 axb4 14. Qh4 f5 15. Be3 bxc3
16. bxc3 d5 17. exf5 d4 18. fxg6 Nxg6 19. Qxd8 Nxd8 20. cxd4 Nxf4 21. Bxf4 Rxf4
22. Nbd2 cxd4 23. Nc4 Nf7 24. Nfd2 Rxf1+ 25. Rxf1 Bd7 26. Ne4 Ba4 1/2-1/2

[Event "Young Stars of the World 2011"]
[Site "Kirishi RUS"]
[Date "2011.05.10"]
[Round "4.1"]
[White "Smirnov, Vladislav"]
[Black "Grigoryan, Karen H."]
[Result "0-1"]
[WhiteElo "1957"]
[BlackElo "2463"]
[PlyCount "74"]
[EventDate "2011.05.07"]
[EventType "tourn"]
[EventRounds "11"]
[EventCountry "RUS"]
[EventCategory "3"]
[Source "lmi"]
[SourceDate "2011.05.07"]

1. e4 c5 2. Nc3 Nc6 3. g3 g6 4. Bg2 Bg7 5. d3 d6 6. f4 e6 7. Nf3 Nge7 8. O-O
O-O 9. h3 Rb8 10. g4 b5 11. a3 a5 12. Ne2 b4 13. axb4 axb4 14. Ng3 f5 15. exf5
exf5 16. g5 Be6 17. Re1 Bf7 18. h4 Qb6 19. Kh2 Nd5 20. Ng1 Nd4 21. N1e2 Rbc8
22. c3 Nxe2 23. Nxe2 bxc3 24. Bxd5 Bxd5 25. Nxc3 Bb7 26. Qc2 Qc6 27. Qf2 d5 28.
Qg2 Rf7 29. Bd2 Qd7 30. Qe2 d4 31. Na4 Qb5 32. Qe6 Qxd3 33. Re2 Rcc7 34. Qe8+
Bf8 35. Rae1 Bc6 36. Nxc5 Qb5 37. Qd8 Qxc5 0-1

[Event "Young Stars of the World 2011"]
[Site "Kirishi RUS"]
[Date "2011.05.10"]
[Round "4.2"]
[White "Atabayev, Maksat"]
[Black "Goganov, Aleksey"]
[Result "1-0"]
[WhiteElo "2355"]
[BlackElo "2480"]
[PlyCount "65"]
[EventDate "2011.05.07"]
[EventType "tourn"]
[EventRounds "11"]
[EventCountry "RUS"]
[EventCategory "3"]
[Source "lmi"]
[SourceDate "2011.05.07"]

1. e4 e6 2. d4 d5 3. Nc3 Nf6 4. e5 Nfd7 5. Nf3 c5 6. dxc5 Nc6 7. Bf4 Bxc5 8.
Bd3 f6 9. exf6 Nxf6 10. O-O O-O 11. Ne5 Bd7 12. Qe2 Nxe5 13. Bxe5 a6 14. Rae1
b5 15. a3 Qe7 16. Kh1 Rae8 17. f4 Bc6 18. Nb1 Qf7 19. Nd2 Qh5 20. Qxh5 Nxh5 21.
Nb3 Bb6 22. Bd4 Bxd4 23. Nxd4 Bd7 24. g3 g5 25. Re5 Ng7 26. Rxg5 Rb8 27. Re1
Rb6 28. Kg1 a5 29. Kf2 Rf6 30. Rge5 Rb8 31. Nb3 a4 32. Nc5 Bc8 33. Ke3 1-0

[Event "Young Stars of the World 2011"]
[Site "Kirishi RUS"]
[Date "2011.05.10"]
[Round "4.5"]
[White "Usmanov, Vasily"]
[Black "Eliseev, Urii"]
[Result "0-1"]
[WhiteElo "2289"]
[BlackElo "2433"]
[PlyCount "104"]
[EventDate "2011.05.07"]
[EventType "tourn"]
[EventRounds "11"]
[EventCountry "RUS"]
[EventCategory "3"]
[Source "lmi"]
[SourceDate "2011.05.07"]

1. Nf3 c5 2. c4 Nc6 3. d4 cxd4 4. Nxd4 f5 5. Nc3 g6 6. e4 fxe4 7. Nxe4 Bg7 8.
Nb5 Nh6 9. Bf4 Ne5 10. Qd5 Nhf7 11. c5 a6 12. Nbc3 Nc6 13. Bc4 Nfe5 14. Bb3 Nb4
15. Bxe5 Nxd5 16. Bxg7 Nxc3 17. bxc3 Rf8 18. O-O-O Rf7 19. Bh6 Qa5 20. Rhe1 Rf5
21. Nd6+ Kd8 22. Nxf5 gxf5 23. Bg5 Qxc5 24. Bxe7+ Qxe7 25. Rxe7 Kxe7 26. Re1+
Kf8 27. Kd2 b5 28. Bd5 Ra7 29. Re3 Kg7 30. Re7+ Kg6 31. f4 Rc7 32. g3 Bb7 33.
Bg8 h6 34. h4 Bf3 35. Kd3 Kf6 36. Re3 Be4+ 37. Kd4 d5 38. Bxd5 Rd7 39. Rxe4
fxe4 40. Kxe4 Rg7 41. Kf3 Rd7 42. c4 h5 43. Ke4 Rg7 44. Kf3 b4 45. c5 a5 46.
Be4 a4 47. Bd5 Rd7 48. Ke4 b3 49. c6 Re7+ 50. Kd3 b2 51. Kc2 Re2+ 52. Kb1 a3
0-1

[Event "Young Stars of the World 2011"]
[Site "Kirishi RUS"]
[Date "2011.05.10"]
[Round "4.6"]
[White "Mammadov, Zaur Fazahir Oglu"]
[Black "Atabayev, Yusup"]
[Result "1/2-1/2"]
[WhiteElo "2351"]
[BlackElo "2319"]
[PlyCount "50"]
[EventDate "2011.05.07"]
[EventType "tourn"]
[EventRounds "11"]
[EventCountry "RUS"]
[EventCategory "3"]
[Source "lmi"]
[SourceDate "2011.05.07"]

1. d4 Nf6 2. Nf3 g6 3. Nbd2 d5 4. e3 Bg7 5. b4 O-O 6. c4 a5 7. b5 c5 8. bxc6
bxc6 9. Bd3 c5 10. Ba3 cxd4 11. Nxd4 Ba6 12. O-O Re8 13. Be2 e5 14. Nb5 Nc6 15.
cxd5 Nxd5 16. Ne4 Ncb4 17. Nbd6 Bxe2 18. Qxe2 Re6 19. Rfd1 Rxd6 20. Nxd6 Qxd6
21. Bxb4 axb4 22. Qd2 e4 23. Rac1 Rd8 24. Rc4 Be5 25. Qe2 Qe6 1/2-1/2

[Event "Young Stars of the World 2011"]
[Site "Kirishi RUS"]
[Date "2011.05.11"]
[Round "5.1"]
[White "Atabayev, Yusup"]
[Black "Smirnov, Vladislav"]
[Result "1-0"]
[WhiteElo "2319"]
[BlackElo "1957"]
[PlyCount "97"]
[EventDate "2011.05.07"]
[EventType "tourn"]
[EventRounds "11"]
[EventCountry "RUS"]
[EventCategory "3"]
[Source "lmi"]
[SourceDate "2011.05.07"]

1. e4 d5 2. exd5 Qxd5 3. Nc3 Qa5 4. d4 Nf6 5. Nf3 c6 6. Ne5 Be6 7. Bd3 Nbd7 8.
Nxd7 Bxd7 9. O-O e6 10. Bf4 Be7 11. Be5 O-O 12. a3 Nd5 13. Nxd5 cxd5 14. Qh5 f5
15. Rfe1 Bf6 16. c3 Qb6 17. Bxf6 Rxf6 18. Qe2 Re8 19. f4 Qc7 20. Qf2 b5 21. Re3
Bc6 22. Rae1 Qf7 23. Qe2 a6 24. Re5 Bd7 25. Bc2 Kf8 26. Bb3 h6 27. Bd1 g6 28.
Bb3 Bc6 29. Re3 h5 30. Rg3 Qh7 31. Qe5 Qe7 32. Bd1 Kf7 33. Rg5 Rh8 34. h4 Rh7
35. Re3 Rh8 36. Reg3 Qd8 37. Kh2 Bb7 38. a4 Bc6 39. axb5 Bxb5 40. b3 Rh6 41. c4
Bc6 42. c5 a5 43. b4 axb4 44. Rb3 Rh8 45. Rxb4 Qd7 46. Rb6 Rc8 47. Be2 Ke7 48.
Rg3 Qc7 49. Ba6 1-0

[Event "Young Stars of the World 2011"]
[Site "Kirishi RUS"]
[Date "2011.05.11"]
[Round "5.2"]
[White "Eliseev, Urii"]
[Black "Mammadov, Zaur Fazahir Oglu"]
[Result "1-0"]
[WhiteElo "2433"]
[BlackElo "2351"]
[PlyCount "73"]
[EventDate "2011.05.07"]
[EventType "tourn"]
[EventRounds "11"]
[EventCountry "RUS"]
[EventCategory "3"]
[Source "lmi"]
[SourceDate "2011.05.07"]

1. e4 c6 2. d4 g6 3. Nc3 d5 4. e5 Bg7 5. Bf4 Qb6 6. Rb1 a6 7. Qd2 e6 8. Nf3 Nd7
9. Bd3 c5 10. Na4 Qc6 11. Nxc5 Nxc5 12. dxc5 Qxc5 13. O-O Bd7 14. b3 Bb5 15.
Be3 Qc7 16. Bxb5+ axb5 17. Qb4 Rxa2 18. Ra1 Ra6 19. Rxa6 bxa6 20. Ra1 Qc8 21.
Bc5 Nh6 22. c4 bxc4 23. bxc4 d4 24. Nxd4 Bxe5 25. Qa4+ Qd7 26. Qxa6 f5 27. Qb6
Bc7 28. Ra8+ Kf7 29. Rxh8 Bxb6 30. Rxh7+ Kf6 31. Rxd7 Bxc5 32. Nb3 Be7 33. c5
e5 34. c6 Ke6 35. Rd1 Bd6 36. Nc5+ Ke7 37. c7 1-0

[Event "Young Stars of the World 2011"]
[Site "Kirishi RUS"]
[Date "2011.05.11"]
[Round "5.3"]
[White "Alekseenko, Kirill"]
[Black "Usmanov, Vasily"]
[Result "0-1"]
[WhiteElo "2317"]
[BlackElo "2289"]
[PlyCount "116"]
[EventDate "2011.05.07"]
[EventType "tourn"]
[EventRounds "11"]
[EventCountry "RUS"]
[EventCategory "3"]
[Source "lmi"]
[SourceDate "2011.05.07"]

1. e4 c5 2. Nf3 Nc6 3. d4 cxd4 4. Nxd4 Nf6 5. Nc3 e5 6. Ndb5 h6 7. Nd6+ Bxd6 8.
Qxd6 Qe7 9. Nb5 Qxd6 10. Nxd6+ Ke7 11. Nf5+ Kd8 12. Be3 d5 13. Nd6 Kc7 14. Nb5+
Kb8 15. exd5 Nxd5 16. Bc5 b6 17. Bd6+ Kb7 18. O-O-O Be6 19. c4 Nf6 20. Be2 Rhd8
21. Rhe1 a6 22. Nc3 Ne8 23. Ba3 Rxd1+ 24. Rxd1 Nd4 25. Bd3 Rc8 26. b3 b5 27. c5
Nf6 28. f4 exf4 29. Be4+ Nxe4 30. Nxe4 Nf5 31. Bb2 Kc6 32. Nd6 Nxd6 33. Rxd6+
Kxc5 34. Be5 g5 35. Kb2 a5 36. Rd2 Rg8 37. Bc7 a4 38. Bd6+ Kc6 39. Kc3 axb3 40.
axb3 Bd5 41. Be5 Re8 42. Bg7 h5 43. b4 Re3+ 44. Kc2 g4 45. Bd4 Re1 46. Rf2 g3
47. hxg3 fxg3 48. Rf6+ Kd7 49. Kd2 Re4 50. Bc5 Bc4 51. Kc2 h4 52. Rd6+ Ke8 53.
Rd4 Rxd4 54. Bxd4 Ke7 55. Bb6 Bf1 56. Kd2 Bxg2 57. Bc7 Kd7 58. Bb8 Ke6 0-1

[Event "Young Stars of the World 2011"]
[Site "Kirishi RUS"]
[Date "2011.05.11"]
[Round "5.4"]
[White "Styazhkina, Anna"]
[Black "Stukopin, Andrey"]
[Result "0-1"]
[WhiteElo "2026"]
[BlackElo "2471"]
[PlyCount "73"]
[EventDate "2011.05.07"]
[EventType "tourn"]
[EventRounds "11"]
[EventCountry "RUS"]
[EventCategory "3"]
[Source "lmi"]
[SourceDate "2011.05.07"]

1. e4 c5 2. d3 Nc6 3. g3 d5 4. Nd2 Nf6 5. Bg2 e5 6. Ngf3 Bd6 7. O-O O-O 8. c3
Re8 9. Ng5 d4 10. a4 h6 11. Nh3 Bf8 12. Qe2 Rb8 13. Rd1 a6 14. Qf1 dxc3 15.
bxc3 b5 16. axb5 axb5 17. f4 b4 18. Bb2 bxc3 19. Bxc3 Nd4 20. fxe5 Ng4 21. Nc4
Be6 22. Bd2 Bxc4 23. dxc4 Nxe5 24. Bf4 Bd6 25. Ra7 Re7 26. Rda1 Rxa7 27. Rxa7
Qb6 28. Ra1 Qb2 29. Kh1 Nxc4 30. Rc1 Nd2 31. Bxd2 Qxd2 32. e5 Bf8 33. Bd5 Ne6
34. Rd1 Qe3 35. Nf4 Re8 36. Re1 Qd4 37. Nxe6 0-1